[Event "Montreal Mercredi 01"]
[Site "Montreal"]
[Date "2008.01.30"]
[Round "4"]
[White "Neron, Raynald"]
[Black "Chenard, Yanick"]
[Result "1-0"]
[WhiteElo "1463"]
[BlackElo "1452"]
[PlyCount "37"]
[EventDate "2008.01.09"]
[EventType "tourn"]
[EventRounds "5"]
[EventCountry "CAN"]
[SourceTitle "EXT 2011"]
[Source "ChessBase"]
[SourceDate "2010.11.26"]
[SourceVersion "1"]
[SourceVersionDate "2010.11.26"]
[SourceQuality "1"]

1. e4 d6 2. d4 Nf6 3. Nc3 c6 4. f4 Qa5 5. Bd3 e5 6. Be3 Ng4 7. Qd2 Nxe3 8. Qxe3 Qb6 9. Nge2 Bg4 10. 0-0-0 exd4 11. Nxd4 Bxd1 12. e5 d5 13. Rxd1 Bc5 14. Nce2 Nd7 15. e6 fxe6 16. Qxe6+ Kd8 17. Bf5 Nf6 18. Qf7 Qc7 19. Ne6+ 1-0